[Event "Reykjavik Taflfelag op"]
[Site "Reykjavik"]
[Date "2019.11.20"]
[Round "6"]
[White "Baldvinsson, Loftur"]
[Black "Aronsson, Gudmundur"]
[Result "1-0"]
[WhiteElo "1933"]
[BlackElo "1564"]
[PlyCount "59"]
[EventDate "2019.10.16"]
[EventType "swiss"]
[EventRounds "7"]
[EventCountry "ISL"]
[SourceTitle "CBM 193 Extra"]
[Source "ChessBase"]
[SourceDate "2020.01.31"]
[SourceVersion "1"]
[SourceVersionDate "2020.01.31"]
[SourceQuality "1"]

1. e4 c5 2. Nf3 e6 3. d4 cxd4 4. Nxd4 a6 5. Bd3 Nc6 6. Be3 d5 7. 0-0 Bd6 8. exd5 Nxd4 9. Bxd4 e5 10. Re1 Qc7 11. Qh5 Ne7 12. Bxe5 Bxe5 13. Qxe5 Qxe5 14. Rxe5 f6 15. Re2 Kd8 16. Nc3 b5 17. Be4 Ra7 18. a3 f5 19. Bf3 g5 20. g3 h5 21. d6 Ng6 22. Bc6 Rah7 23. Nd5 f4 24. Rae1 Bd7 25. Bxd7 Rxd7 26. Re6 Rg7 27. Nf6 Rgg8 28. d7 Kc7 29. Nxg8 Rxg8 30. Re8 1-0

[Event "Reykjavik Taflfelag op"]
[Site "Reykjavik"]
[Date "2018.11.07"]
[Round "4"]
[White "Briem, Hedinn Sveinn Baldu"]
[Black "Aronsson, Gudmundur"]
[Result "1-0"]
[WhiteElo "1612"]
[BlackElo "1573"]
[PlyCount "81"]
[EventDate "2018.10.17"]
[EventType "swiss"]
[EventRounds "7"]
[EventCountry "ISL"]
[SourceTitle "CBM 187 Extra"]
[Source "ChessBase"]
[SourceDate "2018.11.04"]
[SourceVersion "1"]
[SourceVersionDate "2018.11.04"]
[SourceQuality "1"]

1. d4 d5 2. Nf3 c5 3. c3 Nc6 4. Bg5 Bf5 5. e3 h6 6. Bh4 Nf6 7. Bb5 Qb6 8. Qa4 Nd7 9. 0-0 e6 10. c4 Bxb1 11. Raxb1 Be7 12. Bxe7 Kxe7 13. cxd5 exd5 14. e4 dxe4 15. d5 Nce5 16. Bxd7 exf3 17. Rfe1 Qg6 18. Bg4 Kf8 19. Bh3 fxg2 20. Qd1 Nd3 21. Re3 Nf4 22. d6 Rd8 23. d7 Nxh3+ 24. Rxh3 Rxd7 25. Qxd7 Qxb1+ 26. Kxg2 Qe4+ 27. Rf3 Qg6+ 28. Rg3 Qc6+ 29. Qxc6 bxc6 30. Ra3 Ke7 31. Rxa7+ Ke6 32. Kf3 Rb8 33. b3 c4 34. bxc4 Rb4 35. a4 Rxc4 36. a5 Ra4 37. a6 c5 38. Ra8 c4 39. Ke4 f5+ 40. Kd4 g5 41. a7 1-0

[Event "Reykjavik Taflfelag op"]
[Site "Reykjavik"]
[Date "2018.10.17"]
[Round "1"]
[White "Thorisson, Bjartur"]
[Black "Aronsson, Gudmundur"]
[Result "1/2-1/2"]
[WhiteElo "1022"]
[BlackElo "1573"]
[PlyCount "67"]
[EventDate "2018.10.17"]
[EventType "swiss"]
[EventRounds "7"]
[EventCountry "ISL"]
[SourceTitle "CBM 187 Extra"]
[Source "ChessBase"]
[SourceDate "2018.11.04"]
[SourceVersion "1"]
[SourceVersionDate "2018.11.04"]
[SourceQuality "1"]

1. e4 c5 2. Nf3 e6 3. d4 cxd4 4. Nxd4 a6 5. Nc3 Nc6 6. Be3 d6 7. Qd2 Nf6 8. 0-0-0 Qc7 9. f3 Bd7 10. g4 h6 11. h4 0-0-0 12. g5 hxg5 13. Bxg5 Be7 14. Be2 Kb8 15. Kb1 Nxd4 16. Qxd4 Bc6 17. f4 Ne8 18. Bxe7 Qxe7 19. Qb6 Nc7 20. h5 d5 21. exd5 Bxd5 22. Nxd5 Nxd5 23. Qb3 Nxf4 24. Rxd8+ Rxd8 25. Qg3 e5 26. Rd1 Nxe2 27. Rxd8+ Kc7 28. Qe3 Qxd8 29. Qxe5+ Qd6 30. Qxe2 f5 31. a3 f4 32. Qg2 Qd1+ 33. Ka2 Qxh5 34. Qxg7+ 1/2-1/2

[Event "Reykjavik Skakmot op"]
[Site "Reykjavik"]
[Date "2015.05.13"]
[Round "7"]
[White "Aronsson, Gudmundur"]
[Black "Jonsson, Tomas Arni"]
[Result "1-0"]
[WhiteElo "1790"]
[BlackElo "1752"]
[PlyCount "109"]
[EventDate "2015.03.25"]
[EventType "swiss"]
[EventRounds "7"]
[EventCountry "ISL"]
[SourceTitle "EXT 2016"]
[Source "ChessBase"]
[SourceDate "2015.10.08"]
[SourceVersion "1"]
[SourceVersionDate "2015.10.08"]
[SourceQuality "1"]

1. e4 c5 2. Nf3 e6 3. d4 cxd4 4. Nxd4 a6 5. Nc3 Qc7 6. f4 Bb4 7. Bd2 Nf6 8. Bd3 d6 9. Qe2 Nbd7 10. g4 Nc5 11. a3 Bxc3 12. Bxc3 b5 13. 0-0-0 Nxd3+ 14. Rxd3 Bb7 15. Re3 Qc4 16. Qxc4 bxc4 17. Rhe1 d5 18. exd5 Bxd5 19. g5 Ng4 20. Rg3 Nf2 21. Rge3 Kd7 22. f5 Rhe8 23. fxe6+ fxe6 24. R1e2 Ne4 25. Rxe4 Bxe4 26. Rxe4 g6 27. Nf3 Rac8 28. Rxc4 Rxc4 29. Ne5+ Kd6 30. Nxc4+ Kd5 31. Nd2 e5 32. Kd1 e4 33. Ke2 Ke6 34. Ke3 Kf5 35. Bf6 Kg4 36. c4 Kf5 37. h4 h6 38. b4 hxg5 39. hxg5 Re6 40. c5 Rc6 41. Nc4 Rc7 42. Nd6+ Ke6 43. Nxe4 Kd5 44. Kd3 Rd7 45. Bd4 Kc6 46. Nf6 Rd8 47. Kc4 Ra8 48. a4 Rd8 49. b5+ axb5+ 50. axb5+ Kb7 51. c6+ Kc8 52. Nd5 Re8 53. b6 Re4 54. Kc5 Rg4 55. b7+ 1-0